MDQL
is popping MORE tags! Check the
thread
!
Quizzes
Events
Quiz Creation
Community
Videos
Private Events
Remove Ads
Sign In
Join for FREE
Feedback
Dark Mode
Quiz Categories
Sports
Geography
Music
Movies
Television
Just For Fun
Miscellaneous
History
Literature
Language
Science
Gaming
Entertainment
Religion
Holiday
For Kids
Quiz Lab
Recent
Popular Today
Quiz Kudos Today
Editor Picks
Curator Picks
Quizzes by...
Day
Popularity
Type
Ratings
Length
Year
Community
Subscriptions
Recent Discussions
Orange Saloon
Badges
Playlists
Quests
Create
Leaderboards
Showdown
Live 5
Trivia Bingo
Activity
Puzzle Library
Sporcle Events
Private Events
Virtual Trivia
Globe League
Become a Host
Pub Owners
SporcleCon
Opinionation
Our Games
Videos
Blog
Mobile Apps
Partnerships
Remove Ads and Go Orange
Feedback
Gaming
Video Games
Board Games
Card Games
Pokémon
Mario
Nintendo
Minecraft
Console
Toys
Legend of Zelda
Gaming
Video Games
Board Games
Card Games
Pokémon
Mario
Nintendo
Minecraft
Console
Toys
Legend of Zelda
Random Quiz
Search Sporcle
×
Quiz Lab
Quiz Lab
Gaming
Magic the Gathering
Type in answers that appear in a list
Type in answers that appear in a list
Classic
Best Score? Go Orange.
Magic: the Gathering - Legendary Lands Stats
Can you name the Magic: the Gathering legendary lands?
By
Gabrosin
10m
39 Questions
465 Plays
465 Plays
465 Plays
Comments
Comments
Give Quiz Kudos
Give Quiz Kudos
-
- Ratings
hide this ad
Replay
Link that replays current quiz
Next Quiz
Link to next quiz in quiz playlist
You Got
0%
They Got
Avg Score
46%
Avg Friend Score
Upgrade to see
Score Distribution
Jump to the score distribution portion of the page
Score
0/39
Timer
10:00
0
Plays Today
Original Set
Legendary Land
% Correct
Legends
Tolaria
80.9%
Legends
Urborg
80.6%
Planar Chaos
Urborg, Tomb of Yawgmoth
80.6%
Urza's Saga
Gaea's Cradle
80.4%
Urza's Saga
Tolarian Academy
80%
Urza's Saga
Serra's Sanctum
72.5%
Coldsnap
Dark Depths
69.7%
Theros
Nykthos, Shrine to Nyx
68.6%
Legends
Karakas
65.4%
Champions of Kamigawa
Minamo, School at Water's Edge
57.2%
Champions of Kamigawa
Boseiju, Who Shelters All
53.3%
Worldwake
Eye of Ugin
52.7%
Saviors of Kamigawa
Oboro, Palace in the Clouds
52%
Stronghold
Volrath's Stronghold
52%
Urza's Saga
Phyrexian Tower
51.8%
Time Spiral
Academy Ruins
48.6%
Champions of Kamigawa
Shizo, Death's Storehouse
48.2%
Legends
Pendelhaven
46.7%
Urza's Saga
Shivan Gorge
45.2%
Legends
The Tabernacle at Pendrell Vale
42.4%
Original Set
Legendary Land
% Correct
Champions of Kamigawa
Eiganjo Castle
41.9%
Saviors of Kamigawa
Mikokoro, Center of the Sea
40%
Time Spiral
Flagstones of Trokair
39.4%
Champions of Kamigawa
Hall of the Bandit Lord
38.9%
Champions of Kamigawa
Okina, Temple to the Grandfathers
37.4%
Champions of Kamigawa
Shinka, the Bloodsoaked Keep
35.5%
Mirage
Teferi's Isle
32.7%
Time Spiral
Kher Keep
32.5%
Urza's Destiny
Yavimaya Hollow
32.5%
Legends
Hammerheim
32.3%
Conspiracy
Paliano, the High City
30.3%
Nemesis
Kor Haven
29.7%
Saviors of Kamigawa
Miren, the Moaning Well
26.7%
Champions of Kamigawa
Untaidake, the Cloud Keeper
25.8%
Saviors of Kamigawa
Tomb of Urami
23.4%
Time Spiral
Gemstone Caverns
23%
Nemesis
Rath's Edge
22.8%
Invasion
Keldon Necropolis
21.7%
Betrayers of Kamigawa
Gods' Eye, Gate to the Reikai
21.5%
Quiz Playlist
Details
Report
Send in Message
Add To Playlist
Classic:
Type in answers that appear in a list
Last Updated: Feb 16, 2017
Quiz Scoreboard
CHALLENGE
Sign Up to Join the Scoreboard
Show All
Scores
Hide
Comments
May contain spoilers
Recently Published
Two Season TV Shows II
by 123Four
Television
10m
Image Sorting: Flags VI
by Barbecue
Geography
2m
Find the 'City' Movie
by crazypaving
Movies
60s
More to Explore
Quiz From the Vault
Featured Blog Post
14 Easter Pick-up Lines to Find Eggs With
hide this ad
You Might Also Like...
Tags
Magic the Gathering
Today's Top Quizzes in Gaming
Browse Gaming
hide this ad
Today's Top Quizzes in Magic the Gathering
Browse Magic the Gathering
Top Contributed Quizzes in Gaming
1
League of Legends Pro Players by Career/Team History
2
Destiny 2 exotic weapons by perk icons
3
Genshin Impact Logic Puzzle
4
Genshin murder mystery
5
Dead By Daylight Logic Puzzle
6
4x4 Decades: Video Games
7
Ultimate Genshin Impact Logic Puzzle (up to 4.3)
8
Overwatch Logic Puzzle
9
Who's on the WWE 2K24 Cover?
10
Overwatch 2: Ultimate Ability Icons
Explore More
Trending Topics
Anime
Disney
Marvel
Harry Potter
Kpop
NBA
Crossword
Puzzle
Pokémon
Country
NFL
Soccer
Song
The Office
WWE
hide this ad
More By:
Gabrosin
Quiz
Plays
Rating
Category
Featured
Created
Superhero Actor Sorting Gallery
92,492
4.58
Movies
Oct 19, 2014
Magic: the Gathering - Legendary Lands
465
5.00
Gaming
Dec 8, 2014
Magic: the Gathering - Legends with Unique Types
79
3.50
Gaming
Dec 8, 2014
Mario Maker 2 Items
27
Gaming
Jan 22, 2021
Go to Creator's Profile
Score Distribution
Quiz Creator Spotlight
Gabrosin
Follow
Send a Message
Quizzes Created
-
Created Quiz Play Count
-
More By This Creator
Popular Quizzes Today
1
Find the US States - No Outlines Minefield
2
Colored Red Africa Blitz
3
Find the 'City' Movie
4
5x2 Blitz: Bands
5
The Countries of the World
6
Find the Countries of Europe - No Outlines Minefield
7
Find the US States
8
US States
More Gaming Quizzes
The Legend of Zelda A Link to the Past Dark World Map
Quiz Lab
Trending Quizzes
Colored Red Europe Blitz I
Colored Red Africa Blitz II
Colored Red Europe Blitz II
Colored Red Africa Blitz III
Colored Red Europe Blitz III
Recently Updated
How Do You Spell That?
pecheneg
Godzilla Movies
pecheneg
Grab Bag: 4-10 Letters
pecheneg
2024 March Madness Bracket
pecheneg
Famous TV Couples
Peacemaker
Champions League XIs: Real Madrid
pecheneg
Largest US Cities 1790-2010
pecheneg
Rides in Walt Disney World
pecheneg
Most Oscar Losses (Acting)
pecheneg
Beyoncé Albums
pecheneg
Trending Topics
NBA
Kpop
Anime
Crossword
Disney
Harry Potter
Marvel
Puzzle
NFL
Song
The Office
Country
Pokémon
Soccer
WWE
Your Account Isn't Verified!
In order to create a playlist on Sporcle, you need to verify the email address you used during registration. Go to your
Sporcle Settings
to finish the process.
Report this User
Report this user for behavior that violates our
Community Guidelines
.
Details:
Send Report
Go to the Sporcle.com Mobile Site →
Comments